Sant Llorenç del Munt i l'Obac : Parc Natural / mapa i guia excursionista i turística realitzat per l'equip tècnic de Geògraf Salvador Llobet Edicions Cartogràfiques ; revisió del mapa: equip de tècnics del Parc Natural, Josep M. Cervelló, J. M. Torras i Jordi Lalueza ; itineraris: Antoni Aragon i Jordi Lalueza ; geologia i espeleologia: Josep M. Cervelló Parc Natural / mapa i guia excursionista i turística realitzat per l'equip tècnic de Geògraf Salvador Llobet Edicions Cartogràfiques ; revisió del mapa:
ISBN:
84-8090-005-9
Descripción Física:
28 p. ; 21 cm + 1 mapa pleg. : escala 1:25000 ; 68 x 77 cm
MARC
| LEADER | 00000nam a2200000Ia 4500 | ||
|---|---|---|---|
| 001 | 13270 | ||
| 008 | 160829s2001 xx 000 0 cat d | ||
| 020 | |a 84-8090-005-9 | ||
| 080 | |a FU-14-86 | ||
| 245 | |a Sant Llorenç del Munt i l'Obac : |b Parc Natural / mapa i guia excursionista i turística realitzat per l'equip tècnic de Geògraf Salvador Llobet Edicions Cartogràfiques ; revisió del mapa: |b equip de tècnics del Parc Natural, Josep M. Cervelló, J. M. Torras i Jordi Lalueza ; itineraris: |b Antoni Aragon i Jordi Lalueza ; geologia i espeleologia: |b Josep M. Cervelló | ||
| 260 | |a Granollers : |b Alpina, |c 2001 | ||
| 300 | |a 28 p. ; |c 21 cm + 1 mapa pleg. : escala 1:25000 ; |c 68 x 77 cm | ||
| 590 | |a A la coberta: Diputació Barcelona. Xarxa de Municipis | ||
| 610 | 1 | 0 | |a Parc Natural de Sant Llorenç del Munt i l'Obac (Catalunya) |v Guies |9 52718 |
| 650 | |a Parc Natural de Sant Llorenç del Munt i l'Obac |x Mapes |9 27838 | ||
| 700 | |a Cervelló, Josep M. |e editor literari |9 38495 | ||
| 700 | |a Torras, J. M., rev. |9 38489 |e editor literari | ||
| 700 | 1 | |a Lalueza i Fox, Jordi |e editor literari |9 38494 | |
| 700 | |a Aragón, Antoni |9 38493 |e editor literari | ||
| 710 | 2 | |a Geògraf Salvador Llobet, Edicions Cartogràfiques |9 55770 | |
| 901 | |a Arxiu | ||
| 942 | |n 1 |2 udc | ||
| 952 | |0 0 |1 0 |4 0 |6 FU1486 |7 1 |9 48439 |a Arxiu |b Arxiu |d 2016-12-01 |l 0 |o FU-14-86 |p 13270 |r 2016-12-01 00:00:00 |w 2016-12-01 |y ARXIU | ||
| 999 | |c 52268 |d 52268 | ||